000 00561nam a2200205Ia 4500
003 OSt
005 20250711111702.0
008 210210b1994 xxu||||| |||| 00| 0 eng d
020 _a81 7459 024 20
040 _cAL
041 _aKannada
082 _aK894.3 ANAS
100 _aANANTARAV (H K).
_d ಅನಂತರಾವ್ (ಏಚ್ ಕೆ)
_9218218
245 _aSavina silu.
_bಸಾವಿನ ಸೀಳು
260 _aBengaluru
_bKarnataka Buk Agency
_c1994
300 _a369
690 _aKannada Fiction
_9218219
906 _a049024
942 _2ddc
_cBK
999 _c98015
_d98015